000 nam a22 7a 4500
999 _c8098
_d8098
008 171128b xxu||||| |||| 00| 0 eng d
100 _aMathur.S.M.
_94543
245 _aA Chuckle of Jokes
260 _bD.P.M.
_c2009